| 000 | 00829cam a2200253 i 4500 | ||
|---|---|---|---|
| 999 |
_c517 _d517 |
||
| 001 | 4107287 | ||
| 003 | GZU | ||
| 005 | 20200902155038.0 | ||
| 008 | 750602s1975 nyu b 001 0 eng | ||
| 010 | _a 75017643 | ||
| 020 |
_a0393092178 _c$2.25 |
||
| 040 |
_aDLC _cDLC _dDLC |
||
| 050 | 0 | 0 |
_aCB428 _b.H44 1975 |
| 082 | 0 | 0 | _a909.82 |
| 100 | 1 | _aHeilbroner, Robert L. | |
| 245 | 1 | 3 |
_aAn inquiry into the human prospect : _bwith "Second thoughts" and "what has posterity ever done for me?" / _cRobert L. Heilbroner. |
| 260 |
_aNew York : _bNorton, _cc1975. |
||
| 300 |
_a180 p. ; _c21 cm. |
||
| 504 | _aIncludes bibliographical references and index. | ||
| 650 | 0 |
_aCivilization, Modern _y1950- |
|
| 650 | 0 | _aRegression (Civilization) | |
| 906 |
_a7 _bcbc _corignew _d1 _eocip _f19 _gy-gencatlg |
||
| 942 |
_2lcc _cBK _h428 _iHEL _kCB _m1975 |
||